[Event "Floripa Chess Open 2024"]
[Site "Florianopolis"]
[Date "2024.01.26"]
[Round "8.197"]
[White "Nobre, Jailson Altair Barb"]
[Black "Ruvieri, Valter"]
[Result "1-0"]
[WhiteElo "1512"]
[BlackElo "1067"]
[PlyCount "67"]
[EventDate "2024.01.20"]
[EventRounds "10"]
[EventCountry "BRA"]

1. e4 e5 2. Nf3 d6 3. d4 exd4 4. Nxd4 Nf6 5. Nc3 Be7 6. Bc4 O-O 7. O-O h6 ({RR
} 7... Nxe4 8. Bxf7+ Rxf7 9. Nxe4 d5 10. Ng3 c5 11. Nde2 Nc6 12. Nf4 d4 13. b3
Bg5 14. Nd3 Be7 15. Re1 b6 16. Qh5 g6 17. Qe2 Qd5 18. Bh6 Bd7 19. Nf4 Qd6 20.
Ne4 Qe5 21. Nd3 Qf5 22. Ng3 {Postny,E (2578)-Seel,C (2492) playchess.com INT
2006 1-0 (32)}) 8. h3 ({RR} 8. Be3 Nbd7 9. f3 Ne5 10. Bb3 a6 11. f4 Ng6 12. f5
Ne5 13. h3 c5 14. Nf3 Nxf3+ 15. Qxf3 Qc7 16. Nd5 Nxd5 17. Bxd5 Bf6 18. c3 Bd7
19. Qg4 Kh7 20. Qh5 Bc6 21. Bxc6 Qxc6 22. Rf4 Bg5 {Prisha Chheda-Haile,L (1606)
chess.com INT 2021 1-0 (105)}) 8... c6 9. Qf3 $146 ({RR} 9. Nf3 Nh7 10. Re1 Kh8
11. e5 d5 12. Bd3 Be6 13. b3 Nd7 14. Bb2 b6 15. Ne2 f5 16. Nfd4 Nc5 17. Nxe6
Nxe6 18. c3 f4 19. Nd4 Nxd4 20. cxd4 {1-0 (20) Ebrahim,M-Ragnard,A Daressalam
2013}) 9... c5 10. Nf5 Bxf5 11. Qxf5 g6 12. Qf3 Kg7 13. Bf4 a6 14. Rad1 Nc6 15.
e5 Nd4 16. exf6+ Bxf6 17. Qd3 b5 18. Bd5 Rb8 19. Ne4 c4 20. Qd2 g5 21. Bh2 Be5
22. c3 Bxh2+ 23. Kxh2 Nf5 24. f4 f6 25. fxg5 fxg5 26. Be6 Qc7 27. g3 Ne7 28.
Qd4+ Kg6 29. Nxd6 h5 30. Qe4+ Kh6 31. Nf7+ Rxf7 32. Rxf7 Ng6 33. Rxc7 Rf8 34.
Bf7 1-0

[Event "Floripa Chess Open 2024"]
[Site "Florianopolis"]
[Date "2024.01.26"]
[Round "8.198"]
[White "De Oliveira, Luiz Carlos"]
[Black "Marques, Melissa Da Costa"]
[Result "0-1"]
[WhiteElo "1422"]
[BlackElo "1111"]
[PlyCount "51"]
[EventDate "2024.01.20"]
[EventRounds "10"]
[EventCountry "BRA"]

1. e4 e5 2. Nf3 Nc6 3. Bc4 Bc5 4. O-O Nf6 5. b4 Bxb4 6. c3 Ba5 7. d4 exd4 8.
cxd4 O-O ({RR} 8... Nxe4 9. Ba3 d5 10. Bb5 Nd6 11. Bxc6+ bxc6 12. Ne5 Bd7 13.
Qc2 O-O 14. Nxc6 Bxc6 15. Qxc6 Re8 16. Nc3 Bxc3 17. Qxc3 Nc4 18. Bc5 Qf6 19.
Rfe1 a6 20. h3 h6 21. Rab1 Nd6 22. Qg3 Ne4 {0-1 (22) Funderburg,J (2100)
-Kabanov,N (2467) chess.com INT 2021}) 9. Bg5 h6 $146 ({RR} 9... d6 10. e5 dxe5
11. dxe5 Qxd1 12. Rxd1 Ne4 13. Bf4 Bg4 14. Rc1 Bxf3 15. gxf3 Nc5 16. Nd2 Rad8
17. Nb3 Nxb3 18. axb3 Bb6 19. Re1 Rd4 20. Bg3 Nd8 21. f4 c6 22. f5 Bc7 23. e6
Rg4 24. Kf1 {Scholle,D-Krys,J Frymburk 2000 1-0}) 10. Bh4 d6 11. h3 g6 12. a3
Qe7 13. e5 dxe5 14. dxe5 Nxe5 15. Nxe5 Qxe5 16. Nd2 Qd4 17. Bxf6 Qxf6 18. Ne4
Qf4 19. Ng3 Bb6 20. Bd3 Qxg3 21. Qb3 Bf5 22. Qxb6 cxb6 23. fxg3 Bxd3 24. Rf3
Rad8 25. Rd1 Be2 26. Rf2 0-1

[Event "Floripa Chess Open 2024"]
[Site "Florianopolis"]
[Date "2024.01.26"]
[Round "8.199"]
[White "Costa Neto, Luis Antonio"]
[Black "Leith Acosta, Marcelo Alejandro"]
[Result "1/2-1/2"]
[WhiteElo "1415"]
[BlackElo "1110"]
[PlyCount "69"]
[EventDate "2024.01.20"]
[EventRounds "10"]
[EventCountry "BRA"]

1. e4 c5 2. Nc3 Nc6 3. g3 g6 4. Bg2 Bg7 5. Nge2 e6 6. d3 Nge7 7. f4 ({RR} 7. a3
O-O 8. h4 d5 9. h5 d4 10. Nb1 e5 11. Nd2 Be6 12. Ng1 Qd7 13. Bh3 b5 14. Bxe6
Qxe6 15. Ngf3 f6 16. b3 a6 17. Kf1 {1/2-1/2 (17) Gelman,A (2460)-Vorobiov,E 
(2477) Moscow 1999}) ({RR} 7. Rb1 d6 8. a3 b6 9. b4 Bb7 10. O-O O-O 11. Bg5 h6
12. Be3 Qd7 13. Qd2 Kh7 14. bxc5 dxc5 15. a4 Rfd8 16. Rfd1 Rab8 17. Nb5 Ba8 18.
c3 a6 19. Na3 Na5 20. Nc4 Nxc4 21. dxc4 Qxd2 {Vezzani,S (2125)-Jianu,V (2553)
Arad 2016 0-1 (52)}) 7... f5 8. Be3 d6 $146 ({RR} 8... Nd4 9. e5 Nec6 10. O-O
d6 11. exd6 Qxd6 12. Qd2 O-O 13. a3 Re8 14. Rae1 Rb8 15. Nd1 b5 16. c3 Nb3 17.
Qc2 c4 18. d4 Ne7 19. d5 Nxd5 20. Bxa7 Rb7 21. Bf2 Nc5 22. Nc1 Rbe7 23. Bxc5 {
Bomert,E (2148)-Galicki,R (1997) Dresden 2009 1-0 (81)}) 9. Rb1 a6 10. a4 Rb8
11. e5 dxe5 12. Bxc5 exf4 13. Nxf4 Qa5 14. Bd6 Ra8 15. Qd2 Qd8 16. Ba3 Rb8 17.
Na2 b6 18. b4 Bb7 19. Nxe6 Qd6 20. Nxg7+ Kf7 21. Bb2 Nd4 22. Bxb7 Rxb7 23. Qf2
Rd7 24. O-O Kxg7 25. Qf4 Qf6 26. Rf2 Rhd8 27. c3 Ne6 28. c4 Nxf4 29. Rxf4 Qxb2
30. Rxb2 Rxd3 31. Re2 Rd1+ 32. Kf2 R8d2 33. Nc3 Rxe2+ 34. Kxe2 Rh1 35. Rf2
1/2-1/2

[Event "Floripa Chess Open 2024"]
[Site "Florianopolis"]
[Date "2024.01.26"]
[Round "8.200"]
[White "Monteiro, Melissa"]
[Black "Lisboa, Maria Eduarda Mazza"]
[Result "1/2-1/2"]
[WhiteElo "1340"]
[BlackElo "1081"]
[PlyCount "77"]
[EventDate "2024.01.20"]
[EventRounds "10"]
[EventCountry "BRA"]

1. e4 d5 2. exd5 Qxd5 3. Nc3 Qa5 4. d4 c6 5. Bc4 Bf5 6. g4 Be4 7. Nf3 Bd5 8.
Qe2 $146 ({RR} 8. Bd3 e6 9. Bd2 Qc7 10. Qe2 Bd6 11. O-O-O Nd7 12. Kb1 O-O-O 13.
h4 h5 14. g5 g6 15. Rhe1 Bf8 16. Na4 Bg7 17. c4 Bxf3 18. Qxf3 Nb8 19. d5 e5 20.
Bb4 Na6 21. d6 Qd7 22. Ba5 Re8 {Tsintsar,Z-Logothetis,S Kavala 1995 1-0}) ({RR
} 8. b4 Qd8 9. Nxd5 cxd5 10. Bb5+ Nc6 11. Ne5 Qb6 12. c4 f6 13. Nxc6 bxc6 14.
Ba4 e6 15. O-O Kf7 16. c5 Qc7 17. Re1 g5 18. b5 h5 19. gxh5 cxb5 20. Bxb5 Ne7
21. Qe2 Kg7 22. Qg4 Qa5 {Pranesh,M (2437)-Megaranto,S (2548) Sitges ESP 2021
1-0 (32)}) ({RR} 8. Bd3 e6 9. Bd2 Qc7 10. Nxd5 cxd5 11. Qe2 Nc6 12. c3 Bd6 13.
O-O Nge7 14. Rfe1 Bf4 15. h3 Ng6 16. Bxg6 hxg6 17. Kg2 O-O-O 18. Bxf4 Qxf4 19.
Qe3 Qc7 20. Ne5 Rh6 21. Nxc6 bxc6 22. f4 Rdh8 {Ongut,T (2185)-Savic,M (2541)
Paracin SRB 2018 0-1 (48)}) 8... Nf6 9. Bd2 Qd8 10. g5 Bxc4 11. Qxc4 Nd5 12.
Nxd5 Qxd5 13. Qxd5 cxd5 14. O-O-O e6 15. Bc3 Nc6 16. Ne5 Nxe5 17. dxe5 O-O-O
18. Bd4 b6 19. Rd3 Be7 20. f4 Kb7 21. Rb3 Rc8 22. Rb5 Rc4 23. Rd1 Rhc8 24. c3
R4c6 25. a4 Bc5 26. Bxc5 Rxc5 27. Rxc5 Rxc5 28. Rd4 Rc4 29. Kc2 Kc6 30. b3 Rxd4
31. cxd4 b5 32. Kc3 a5 33. h4 b4+ 34. Kd3 Kd7 35. Ke3 Ke7 36. Kf3 f6 37. Kg4
f5+ 38. Kh3 Kf7 39. h5 1/2-1/2

[Event "Floripa Chess Open 2024"]
[Site "Florianopolis"]
[Date "2024.01.26"]
[Round "8.201"]
[White "Nunes, Lilia"]
[Black "Assis, Caio Bentivenha"]
[Result "1-0"]
[WhiteElo "1325"]
[BlackElo "1800"]
[PlyCount "53"]
[EventDate "2024.01.20"]
[EventRounds "10"]
[EventCountry "BRA"]

1. c4 Nf6 2. g3 g6 3. Bg2 Bg7 4. Nf3 O-O 5. O-O d6 6. Nc3 Nbd7 7. d3 e5 8. Rb1
Re8 9. Bg5 ({RR} 9. b4 e4 10. dxe4 Nxe4 11. Nxe4 Rxe4 12. c5 Nf6 13. Bb2 Bf5
14. cxd6 Qxd6 15. Qxd6 cxd6 16. Nd4 Re7 17. Nxf5 gxf5 18. e3 Ne4 19. Rfd1 Rc8
20. Bxe4 fxe4 21. Rxd6 Bxb2 22. Rxb2 Rc4 23. Kg2 Kg7 {Gagare,S (2472)-Gupta,A 
(2645) chess.com INT 2017 1-0 (41)}) ({RR} 9. Qc2 a5 10. a3 Nb6 11. b4 axb4 12.
axb4 e4 13. Nxe4 Nxe4 14. dxe4 Be6 15. Nd2 Na4 16. Rb3 c6 17. Ra3 Nb6 18. Rd3
Qc7 19. Ba3 c5 20. bxc5 dxc5 21. Rb1 Ra6 22. Rb5 Bf8 23. Bb2 Na4 {Oatlhotse,P 
(2182)-Blackburn,J (2195) Chess.com 2021 1/2-1/2 (44)}) 9... h6 10. Bxf6 Qxf6
$146 ({RR} 10... Nxf6 11. Nd2 Rb8 12. b4 Be6 13. Qa4 a6 14. b5 Bd7 15. Qc2 axb5
16. cxb5 Nh5 17. a4 f5 18. Nd5 c6 19. bxc6 Bxc6 20. Rb4 Kh8 21. Ne3 Bxg2 22.
Nxg2 Qc8 23. Rc4 Qe6 24. Rb1 Rec8 25. Rc7 {Valenzuela,L-Gutierrez,R (2233)
Merida 2002 1-0 (43)}) ({RR} 10... Nxf6 11. Qc2 c6 12. b4 Bf5 13. Nd2 Qd7 14.
b5 Bh3 15. bxc6 bxc6 16. Qa4 Bxg2 17. Kxg2 Nh5 18. Rfd1 f5 19. e4 f4 20. Rf1
f3+ 21. Nxf3 Nf4+ 22. Kg1 Rf8 23. Qd1 Qh3 24. Ne1 Ne6 25. Ng2 {Perez Llera,J 
(2015)-Morona Minguez,I (1952) Madrid 2012 0-1 (56)}) ({RR} 10... Nxf6 11. Nd2
c6 12. b4 Be6 13. b5 d5 14. bxc6 bxc6 15. Qa4 Qc7 16. cxd5 cxd5 17. Rfc1 Qe7
18. Qa5 Red8 19. Nb5 Ne8 20. Nc7 Nxc7 21. Rxc7 Rd7 22. Bxd5 Rxc7 23. Bxa8 Rc2
24. a4 Kh7 25. Bf3 {Marinkovic,M (2207)-Miletic,J (2190) Sibenik 2015 1-0 (69)}
) 11. a3 c6 12. b4 a5 13. Ne4 Qe6 14. b5 f5 15. bxc6 bxc6 16. Ned2 Rb8 17. Qa4
Bb7 18. Qxa5 Rec8 19. Qa4 Ra8 20. Qb3 Rab8 21. Qc2 Nc5 22. Nb3 Nxb3 23. Rxb3
Ba6 24. Rfb1 Qe8 25. Nd2 Rxb3 26. Qxb3 Qd8 27. Qa4 1-0

[Event "Floripa Chess Open 2024"]
[Site "Florianopolis"]
[Date "2024.01.26"]
[Round "8.202"]
[White "Wathier, Natalia"]
[Black "Rigo, Joanir Fernando"]
[Result "0-1"]
[WhiteElo "1800"]
[BlackElo "1302"]
[PlyCount "60"]
[EventDate "2024.01.20"]
[EventRounds "10"]
[EventCountry "BRA"]

1. d4 e6 2. Bf4 d5 3. Nf3 Nf6 4. Nc3 Bb4 5. a3 Bxc3+ 6. bxc3 O-O ({RR} 6... c5
7. e3 c4 8. Nd2 O-O 9. h4 Nc6 10. Be2 Re8 11. g4 Qa5 12. g5 Nd7 13. Nb1 e5 14.
Bg3 exd4 15. exd4 Nf8 16. Kf1 Bf5 17. Bg4 Bxg4 18. Qxg4 Re4 19. Qf3 Rae8 20.
Nd2 Nxd4 21. cxd4 {Zubova,D (1220)-Vainovskaia,V (1683) Riga LAT 2019 1/2-1/2 
(52)}) 7. e3 Ne4 8. Qd3 c6 $146 ({RR} 8... Nc6 9. c4 Re8 10. Nd2 Nxd2 11. Qxd2
dxc4 12. Bxc4 e5 13. dxe5 Qxd2+ 14. Kxd2 Nxe5 15. Bxe5 Rxe5 16. Ke2 Be6 17.
Bxe6 Rxe6 18. Rhd1 Re7 19. Rd3 Rae8 20. Rad1 g6 21. Rd8 Rxd8 22. Rxd8+ Kg7 23.
f3 {Dziubinski,P-Tymoszczuk,L Krynica 1998 1/2-1/2 (35)}) ({RR} 8... Nc6 9. Be2
b6 10. O-O a5 11. c4 Ba6 12. Qb3 dxc4 13. Bxc4 Bxc4 14. Qxc4 Qd7 15. Qd3 f5 16.
h3 Ne7 17. Qc4 Nd5 18. Ne5 Qe7 19. Nc6 Qf7 20. Ne5 Qe8 21. f3 Nd2 22. Qe2 Nxf1
23. Qxf1 {Ruble,L (1009)-Lary,D (1410) France 2010 0-1}) ({RR} 8... Nd7 9. Nd2
Ndf6 10. f3 Nxd2 11. Qxd2 c6 12. Bd3 Bd7 13. h4 Nh5 14. Bd6 Re8 15. g4 Bc8 16.
Qh2 Nf6 17. h5 Kh8 18. h6 g5 19. Be5 Kg8 20. Bc7 Qe7 21. Qe5 Nh5 {1-0 (21)
Gomez Sanudo,F-Carraminana Lopez,L Spain 1993}) 9. Ne5 Qa5 10. Be2 Qxc3+ 11.
Qxc3 Nxc3 12. Bd3 f6 13. Nf3 Nd7 14. a4 Nb6 15. a5 Nba4 16. e4 dxe4 17. Bxe4
Nxe4 18. Rxa4 g5 19. Bd2 Bd7 20. Ra3 b6 21. Re3 Nxd2 22. Nxd2 c5 23. dxc5 bxc5
24. O-O Rab8 25. Rc3 c4 26. Nxc4 Rfc8 27. Ne5 fxe5 28. Rg3 h6 29. h4 Rxc2 30.
hxg5 Kh7 0-1

[Event "Floripa Chess Open 2024"]
[Site "Florianopolis"]
[Date "2024.01.26"]
[Round "8.203"]
[White "Rahn, Marlon Cristiano"]
[Black "Bida, Jose Mateus"]
[Result "0-1"]
[WhiteElo "1295"]
[BlackElo "1800"]
[PlyCount "76"]
[EventDate "2024.01.20"]
[EventRounds "10"]
[EventCountry "BRA"]

1. e4 e6 2. Nf3 d5 3. exd5 exd5 4. d4 Nf6 5. Bd3 Bd6 6. Bg5 Qe7+ 7. Qe2 Qxe2+
8. Bxe2 ({RR} 8. Kxe2 Nbd7 9. Nbd2 {1/2-1/2 (9) Talla,V (2395)-Berezjuk,S 
(2366) Tatranske Zruby 2012}) 8... Ne4 9. Be3 Nd7 $146 ({RR} 9... O-O 10. O-O
Bg4 11. Re1 Nd7 12. Nfd2 Bxe2 13. Nxe4 dxe4 14. Rxe2 f5 15. Nc3 f4 16. Bd2 f3
17. Rxe4 Nf6 18. Re6 fxg2 19. Rae1 Ng4 20. Ne4 Nxh2 21. Re2 Nf3+ 22. Kxg2 Nxd4
23. Re1 Nxe6 24. Nxd6 {Huebsch,H-Matriciani,R Koblenz 1994 0-1 (40)}) ({RR} 
9... O-O 10. Nbd2 Nxd2 11. Nxd2 Bf5 12. O-O-O Nd7 13. g4 Be6 14. g5 c5 15. c3
Rfe8 16. Bf3 cxd4 17. Bxd4 Ne5 18. Bxe5 Bxe5 19. Nb3 Bf4+ 20. Kb1 Bf5+ 21. Ka1
Be4 22. Bxe4 dxe4 23. h4 e3 24. fxe3 {Balogh,P (2178)-Bombek,P (2157) Slovakia
2015 1/2-1/2 (49)}) ({RR} 9... f5 10. O-O O-O 11. c4 c6 12. Nc3 Bb4 13. Rac1
Bxc3 14. bxc3 f4 15. Bd2 Bg4 16. Rc2 Nxd2 17. Rxd2 Nd7 18. Rb2 b6 19. cxd5 cxd5
20. Bb5 Bxf3 21. Bxd7 Be4 22. Be6+ Kh8 23. f3 Bd3 24. Bxd5 {Marinsek,T (2200)
-Plahuta,D (2010) Ljubljana 1996 1-0 (68)}) 10. Nbd2 Ndf6 11. a3 c6 12. h3 Bf5
13. O-O-O h5 14. Ng5 b5 15. Ngxe4 Nxe4 16. g4 Nxd2 17. Rxd2 hxg4 18. h4 Be7 19.
h5 a5 20. Bd3 Bxd3 21. Rxd3 b4 22. a4 f5 23. Bf4 Kd7 24. h6 Rh7 25. Rdd1 g6 26.
Be5 Bd6 27. Bg7 Bf4+ 28. Kb1 Re8 29. Ka2 Re2 30. Rdf1 Rxc2 31. f3 g3 32. Re1 g2
33. Rh3 Rf2 34. Bf8 Rf1 35. Re7+ Rxe7 36. Bxe7 g1=Q 37. h7 Ra1+ 38. Kb3 Qd1#
0-1

[Event "Floripa Chess Open 2024"]
[Site "Florianopolis"]
[Date "2024.01.26"]
[Round "8.204"]
[White "Buffon, Maria Ivy Segalin"]
[Black "De Andrade, Arthur Batuli"]
[Result "1-0"]
[WhiteElo "1254"]
[BlackElo "1800"]
[PlyCount "105"]
[EventDate "2024.01.20"]
[EventRounds "10"]
[EventCountry "BRA"]

1. e4 e5 2. Nf3 Nc6 3. d4 d6 4. dxe5 Bg4 5. exd6 Bxd6 6. Nc3 ({RR} 6. Be2 Qe7
7. Nfd2 h5 8. h3 Bxe2 9. Qxe2 Nf6 10. Nc3 O-O-O 11. O-O Nd4 12. Qd1 Qe5 13. f4
Qc5 14. Kh1 Ng4 15. Nf3 Ne6 16. f5 Bg3 17. Qe2 Nd4 18. Be3 Be5 19. Qe1 b6 20.
Bxd4 Bxd4 {Gazik,I (2455)-Horvath,I (2360) Zalaegerszeg 1991 1/2-1/2}) ({RR} 6.
Bb5 Nf6 7. Nc3 O-O 8. Bxc6 bxc6 9. O-O Re8 10. Bg5 Rb8 11. Rb1 h6 12. Bh4 g5
13. Bg3 Bxg3 14. hxg3 Qxd1 15. Rfxd1 Nxe4 16. Nxe4 Rxe4 17. Rd2 Be6 18. b3 c5
19. Re1 Rxe1+ 20. Nxe1 c4 {Semakoff,A (2037)-Hoehn,M (2040) Rhodes GRE 2019 1/
2-1/2}) 6... Bb4 7. Bf4 $146 ({RR} 7. Bd2 Nf6 8. Bd3 O-O 9. O-O Ne5 10. Be2
Nxf3+ 11. Bxf3 Bxf3 12. gxf3 Nh5 13. Qe2 Qh4 14. Kh1 Bd6 15. f4 Nxf4 16. Bxf4
Bxf4 17. f3 Rae8 18. Rg1 Qh6 19. Rg2 Re5 20. Nd5 f5 21. Nxf4 Qxf4 {Martinez
Rodriguez,P (2287)-Rodriguez Lopez,J (2233) Oviedo 2003 1-0 (36)}) ({RR} 7. Bd2
Nf6 8. h3 Bh5 9. g4 Bg6 10. Bd3 O-O 11. O-O h5 12. Bg5 Be7 13. e5 Nh7 14. Bxg6
fxg6 15. Qxd8 Raxd8 16. Bxe7 Nxe7 17. Nh2 Ng5 18. h4 Nf3+ 19. Nxf3 Rxf3 20.
gxh5 gxh5 21. Kg2 Rdf8 {Gorny,T-Godawa,P Poznan 2008 1-0 (67)}) 7... Bd6 8.
Bxd6 cxd6 9. Be2 Bxf3 10. Bxf3 Nf6 11. O-O O-O 12. Nd5 Ne5 13. Re1 Re8 14.
Nxf6+ Qxf6 15. c3 Rad8 16. Be2 Re6 17. Bg4 Re7 18. Rf1 Qh4 19. Bf3 Nxf3+ 20.
Qxf3 Rxe4 21. Rfe1 Rde8 22. Rxe4 Rxe4 23. g3 Qg4 24. Qxg4 Rxg4 25. Rd1 Rg6 26.
c4 Kf8 27. Rd3 Ke7 28. Ra3 Kd7 29. Rxa7 Kc7 30. Ra3 Kb8 31. Rf3 Rf6 32. Rxf6
gxf6 33. Kg2 Kc7 34. Kf3 Kd7 35. b4 Ke6 36. Ke4 Kd7 37. Kd5 Kc7 38. c5 dxc5 39.
Kxc5 b6+ 40. Kb5 Kb7 41. a4 Ka7 42. a5 bxa5 43. bxa5 h5 44. Kc6 Ka6 45. Kd7
Kxa5 46. Ke7 Kb5 47. Kxf6 Kc5 48. Kxf7 Kd5 49. Kg6 Ke4 50. f4 h4 51. gxh4 Kxf4
52. h5 Kf3 53. h6 1-0

[Event "Floripa Chess Open 2024"]
[Site "Florianopolis"]
[Date "2024.01.26"]
[Round "8.205"]
[White "Flores, Carlo Paggiarin"]
[Black "Born, Ary"]
[Result "1-0"]
[WhiteElo "1800"]
[BlackElo "1249"]
[PlyCount "55"]
[EventDate "2024.01.20"]
[EventRounds "10"]
[EventCountry "BRA"]

1. e4 e6 2. Nf3 d5 3. exd5 ({RR} 3. Bb5+ c6 4. Bd3 Nf6 5. Qe2 dxe4 6. Bxe4 Nxe4
7. Qxe4 Nd7 8. d4 Nf6 9. Qd3 Be7 10. b3 O-O 11. Ba3 Bxa3 12. Nxa3 Qa5+ 13. c3
Qxa3 14. O-O Qd6 15. h3 b6 16. Rfe1 Bb7 17. Rad1 Rad8 {Malesevic,N-Meinhardt,M
(2330) Obrenovac 2004 0-1 (47)}) 3... c5 $146 ({RR} 3... Qxd5 4. Nc3 Qd8 5. Be2
Nf6 6. d3 Be7 7. O-O O-O 8. Bf4 Na6 9. d4 Nb4 10. Nb5 Nbd5 11. Be5 Ng4 12. Qd3
Nxe5 13. Nxe5 Nf4 14. Qe4 Nxe2+ 15. Qxe2 a6 16. Nc3 Qxd4 17. Nf3 Qb6 18. Na4 {
Rimm,M (1287)-Krueger,S (1206) Dortmund 2004 0-1 (40)}) ({RR} 3... Qxd5 4. Nc3
Qa5 5. Bc4 Nf6 6. O-O Bd6 7. d4 c6 8. Bf4 Bxf4 9. g3 Bc7 10. Re1 Qh5 11. Ne4
Nbd7 12. Nxf6+ Nxf6 13. Ne5 Qxd1 14. Raxd1 O-O 15. Nf3 h6 16. b4 b5 17. Bd3 Nd5
18. c4 {Thomazelli,B (1763)-Born,A (1454) Florianopolis 2017 0-1 (50)}) ({RR} 
3... Qxd5 4. Nc3 Qd8 5. h3 b6 6. d4 Bb7 7. Be2 Nf6 8. a3 g6 9. Be3 Bg7 10. O-O
O-O 11. b4 Nc6 12. Na4 Ne7 13. c4 Nf5 14. c5 Nxe3 15. fxe3 Nd5 16. Qb3 Bh6 17.
e4 Ne3 18. Rfe1 {Grunau,H (1352)-Glende,S (1776) Rheinhausen 2002 0-1 (47)}) ({
RR} 3... Qxd5 4. Nc3 Qd8 5. d3 Nf6 6. Bg5 a6 7. g3 Bb4 8. Bg2 h6 9. Bxf6 Qxf6
10. Qd2 Nc6 11. O-O Ne5 12. Nxe5 Qxe5 13. a3 Ba5 14. Rab1 Bd7 15. b4 Bb6 16.
Bxb7 O-O 17. Ne4 f5 18. Nc3 {Quemada Sisniega,J-Garcia Calderon,E Valladolid
1983 1/2-1/2}) 4. dxe6 Qe7 5. Bb5+ Bd7 6. Bxd7+ Nxd7 7. O-O O-O-O 8. exd7+ Qxd7
9. d3 Bd6 10. Nc3 f6 11. Be3 Nh6 12. Ne4 Qb5 13. Nxd6+ Rxd6 14. Nd2 Re6 15. Nc4
Rd8 16. Qf3 Qd7 17. Bxc5 Qc6 18. Qxc6+ bxc6 19. Rfe1 Kd7 20. Rxe6 Kxe6 21. Re1+
Kf5 22. Re7 a6 23. Rxg7 Ng4 24. Ne3+ Nxe3 25. fxe3 h5 26. Kf2 Rd5 27. e4+ Kf4
28. g3+ 1-0

[Event "Floripa Chess Open 2024"]
[Site "Florianopolis"]
[Date "2024.01.26"]
[Round "8.206"]
[White "Vaz, Vania Dora Madona"]
[Black "Ferrari, Theo Schoroeder San"]
[Result "1/2-1/2"]
[WhiteElo "1236"]
[BlackElo "1800"]
[PlyCount "46"]
[EventDate "2024.01.20"]
[EventRounds "10"]
[EventCountry "BRA"]

1. e4 c5 2. c3 b6 3. d4 cxd4 4. cxd4 Bb7 5. Nc3 e6 ({RR} 5... a6 6. Nf3 e6 7.
Bd3 Nf6 8. O-O Be7 9. Qe2 d6 10. Rd1 b5 11. e5 Nd5 12. Ne4 h6 13. exd6 Bxd6 14.
Ne5 Nc6 15. Qh5 Nxe5 16. dxe5 Be7 17. Qg4 g5 18. Be3 Qa5 19. Bc5 Bxc5 20. Nxc5
{Baltaci,I (2071)-Dere,A (1774) Konya TUR 2018 1-0 (62)}) 6. Nf3 Bb4 7. a3 $146
({RR} 7. Bd3 Nf6 8. Qe2 h6 9. O-O O-O 10. a3 Bxc3 11. bxc3 d5 12. e5 Ne4 13.
Bb2 Qc8 14. Rac1 Ba6 15. c4 Qb7 16. Rfe1 Rc8 17. cxd5 Bxd3 18. Qxd3 exd5 19. h4
Nc6 20. Nh2 Na5 21. f3 Ng3 {Kolesnikov,V (2000)-Chiniony,Y (2206) Taganrog
2010 1-0 (71)}) ({RR} 7. e5 Ne7 8. Bd2 O-O 9. Bd3 d6 10. O-O dxe5 11. Nxe5 Qxd4
12. Qe2 Rd8 13. a3 Bd6 14. Nf3 Qxd3 15. Qxd3 Bxh2+ 16. Nxh2 Rxd3 17. Rfd1 Nbc6
18. Bf4 Rad8 19. Nf3 f6 20. Rxd3 Rxd3 21. Rd1 Rxd1+ {Grace Coletes,A (1750)
-Gallardo Pina,N (1808) Tossa de Mar 2010 0-1 (56)}) ({RR} 7. Bd3 Nf6 8. Qe2 d5
9. e5 Ne4 10. Bd2 Nxd2 11. Nxd2 Nc6 12. Qe3 Be7 13. O-O O-O 14. f4 Nxd4 15. Qh3
g6 16. Nf3 Nxf3+ 17. Rxf3 Kg7 18. Rg3 f5 19. Be2 Rh8 20. Rd3 Rc8 21. g4 Bc5+ {
Motruk,O (1727)-Lavrischev,A (1981) Moscow 2009 0-1 (47)}) 7... Bxc3+ 8. bxc3
Bxe4 9. Be2 Nf6 10. O-O O-O 11. Ng5 Qc7 12. Nxe4 Nxe4 13. c4 Nc3 14. Qd3 Nxe2+
15. Qxe2 Rc8 16. Qf3 Qc6 17. d5 exd5 18. cxd5 Qc3 19. Be3 Qf6 20. Qe4 Na6 21.
Bd4 Nc5 22. Qg4 Qg6 23. Qxg6 hxg6 1/2-1/2

[Event "Floripa Chess Open 2024"]
[Site "Florianopolis"]
[Date "2024.01.26"]
[Round "8.207"]
[White "Nilson, Ramiro"]
[Black "Coutinho, Lucas Buss Soares"]
[Result "0-1"]
[WhiteElo "1800"]
[BlackElo "1233"]
[PlyCount "91"]
[EventDate "2024.01.20"]
[EventRounds "10"]
[EventCountry "BRA"]

1. e4 e6 2. Nf3 d5 3. e5 c5 4. c3 Nc6 5. d4 cxd4 6. cxd4 Qb6 7. Nc3 Nge7 8. Bb5
({RR} 8. Bd3 Bd7 9. O-O Ng6 10. Bc2 Be7 11. g3 f6 12. h4 O-O-O 13. h5 Nf8 14.
Na4 Qc7 15. h6 Rg8 16. hxg7 Rxg7 17. exf6 Bxf6 18. Be3 Kb8 19. Nc5 h5 20. Kh2
Ka8 21. Ba4 Ng6 22. Bxc6 Qxc6 {Susnik,M (2255)-Stucl,B (2295) Bled 1996 0-1 
(41)}) ({RR} 8. Bd3 Bd7 9. Bb1 g6 10. O-O Bg7 11. Na4 Qc7 12. Bg5 O-O 13. Qd2
Nc8 14. Nc5 b6 15. Nxd7 Qxd7 16. Bd3 a6 17. Rac1 b5 18. Bh6 Nb6 19. b3 Rfc8 20.
h4 Qe7 21. Bxg7 Kxg7 22. h5 Ra7 {Wang,P (1250)-Wang,E Changsha CHN 2019 1-0 
(37)}) 8... Nf5 $146 ({RR} 8... Bd7 9. O-O Nxe5 10. Nxe5 Bxb5 11. Re1 Bc6 12.
Qh5 g6 13. Qf3 f5 14. Qe3 Bg7 15. Nxc6 Qxc6 16. Qxe6 Qxe6 17. Rxe6 Kd7 18. Re2
Bxd4 19. Bg5 Rhe8 20. Rae1 Nc6 21. Nxd5 Rxe2 22. Rxe2 Re8 23. Rxe8 {Matos,
V-Rodrigues,R Odivelas 1995 0-1 (52)}) ({RR} 8... Bd7 9. Bxc6 Bxc6 10. O-O Nf5
11. g4 Ne7 12. a4 Bd7 13. a5 Qa6 14. b4 Bb5 15. Nxb5 Qxb5 16. Ng5 h6 17. Nf3
Nc6 18. Ba3 Be7 19. Rc1 O-O 20. h4 Nxa5 21. bxa5 Bxa3 22. Rb1 Qd7 23. Qb3 {
Stepniewski,J-Kozaczuk,W Zabrzanski Wrzesien 1994 0-1 (58)}) ({RR} 8... Bd7 9.
O-O Nf5 10. Bxc6 Bxc6 11. a3 Be7 12. g4 Nh4 13. Nxh4 Bxh4 14. f4 Be7 15. f5 Rg8
16. b4 Rc8 17. Na4 Qb5 18. Nc5 b6 19. fxe6 f6 20. Nd3 Qc4 21. Be3 Bb5 22. Nf4
Qc6 23. Rc1 {Martinez Fabra,A-Blasco Signes,S Alzira 1995 1-0 (44)}) 9. Bxc6+
Qxc6 10. Qa4 Qxa4 11. Nxa4 Bb4+ 12. Bd2 Bxd2+ 13. Kxd2 O-O 14. Rac1 Bd7 15. Nc5
Bc6 16. b4 Rac8 17. Rc3 b6 18. Nd3 Bb5 19. g4 Rxc3 20. Kxc3 Rc8+ 21. Kd2 Ne7
22. Rc1 Rxc1 23. Nxc1 Nc6 24. a3 f6 25. Ke3 Kf7 26. Nd3 a5 27. Nfe1 g5 28. exf6
Kxf6 29. f4 h6 30. fxg5+ hxg5 31. Nc2 Ba4 32. Nde1 axb4 33. Nxb4 Nxb4 34. axb4
Bd1 35. Nf3 Bxf3 36. Kxf3 e5 37. Ke3 exd4+ 38. Kxd4 Ke6 39. b5 Kd6 40. h4 gxh4
41. g5 h3 42. g6 Ke7 43. Kxd5 h2 44. Kc6 h1=Q+ 45. Kxb6 Qg1+ 46. Kb7 0-1

[Event "Floripa Chess Open 2024"]
[Site "Florianopolis"]
[Date "2024.01.26"]
[Round "8.208"]
[White "De Abreu, Wiliam"]
[Black "Pavao, Tiago Lara Biasi"]
[Result "1-0"]
[WhiteElo "1197"]
[BlackElo "1613"]
[PlyCount "32"]
[EventDate "2024.01.20"]
[EventRounds "10"]
[EventCountry "BRA"]

1. e4 c5 2. Nf3 g6 3. d4 cxd4 4. Nxd4 Bg7 5. Nc3 Nc6 6. Nxc6 bxc6 7. Bc4 e6 8.
a3 $146 ({RR} 8. O-O Ne7 9. Be3 O-O 10. Qd2 d5 11. exd5 cxd5 12. Bd3 d4 13. Be4
Rb8 14. Bf4 e5 15. Bg5 f6 16. Rad1 fxg5 17. Qxg5 Nf5 18. Qc1 Bh6 19. Qa1 Qb6
20. Na4 Qa5 21. b3 Ba6 22. Bd3 Bxd3 {Yasjko,M-Novikov,S Serpukhov 2001 0-1 (32)
}) ({RR} 8. Qd6 Qe7 9. Bf4 e5 10. Qxe7+ Nxe7 11. Be3 Bb7 12. O-O-O f5 13. f3
Nc8 14. Bf7+ Kd8 15. Be6 d6 16. Bxc8 Kxc8 17. Rxd6 Rd8 18. Rxd8+ Kxd8 19. Na4
Kc7 20. Rd1 f4 21. Bd2 Re8 22. Ba5+ Kc8 {Schaefer,M (2435)-Reich,T (2400)
Germany 1995 1-0 (42)}) ({RR} 8. Qd6 Qe7 9. Bf4 e5 10. Qxe7+ Nxe7 11. Bg3 f5
12. Bh4 Rb8 13. Rb1 Rb4 14. Bd3 Nd5 15. O-O Nxc3 16. bxc3 Rxb1 17. Rxb1 fxe4
18. Bxe4 d5 19. Rb8 Kf7 20. Bd3 e4 21. Be2 Bxc3 22. Rb3 Be5 {Caner,F-Isik,R 
(1829) Konya TUR 2018 0-1 (46)}) ({RR} 8. Bf4 d5 9. exd5 cxd5 10. Bb5+ Bd7 11.
Qe2 Ne7 12. Be5 O-O 13. Bxg7 Kxg7 14. Bxd7 Qxd7 15. O-O Rab8 16. Rab1 Rfc8 17.
Rfd1 Kg8 18. Ne4 Qc7 19. Nf6+ Kg7 20. Qf3 Qxc2 21. Ng4 Qf5 22. Qxf5 Nxf5 {
Volkov,D (2174)-Larin,D Vladimir 2004 0-1 (42)}) ({RR} 8. O-O Ne7 9. Qd6 Bb7
10. Bg5 h6 11. Bf4 Nc8 12. Qd2 d5 13. exd5 cxd5 14. Bb5+ Kf8 15. Na4 Kg8 16.
Rfe1 Nd6 17. Bd3 Bc6 18. Nc5 Nc4 19. Qe2 Qf6 20. Qg4 e5 21. Bxc4 Qxf4 22. Qxf4
exf4 {Gaprindashvili,N-Bykova,E Moscow (Russia) 1962 1-0 (41)}) 8... Ne7 9. O-O
O-O 10. Be3 d5 11. exd5 cxd5 12. Qf3 Rb8 13. Bxa7 Rxb2 14. Be3 Qc7 15. Nb5 Qb7
16. a4 Rxc2 1-0